Como iniciar la formación de una biblioteca recreativa en el aula? (Record no. 64409)

MARC details
000 -CABECERA
campo de control de longitud fija 00663nam a2200217 a 4500
005 - FECHA Y HORA DE LA ÚLTIMA TRANSACCIÓN
campo de control 20210219152939.0
008 - ELEMENTOS DE LONGITUD FIJA--INFORMACIÓN GENERAL
campo de control de longitud fija 991125n 000 0 spa u
035 ## - NÚMERO DE CONTROL DEL SISTEMA
Número de control de sistema UPN01000068196
100 ## - ASIENTO PRINCIPAL--NOMBRE PERSONAL
Nombre de persona CORTES CASTRO, Santos
222 ## - TÍTULO CLAVE
Título clave CORREO DEL MAESTRO :
Información calificativa REVISTA PARA PROFESORES DE EDUCACION BASICA
245 ## - MENCIÓN DE TÍTULO
Título Como iniciar la formación de una biblioteca recreativa en el aula?
260 ## - PUBLICACIÓN, DISTRIBUCIÓN, ETC.
Lugar de publicación, distribución, etc. México
300 ## - DESCRIPCIÓN FÍSICA
Extensión 10-14
362 ## - FECHAS DE PUBLICACIÓN Y/O DESIGNACIÓN SECUENCIAL
Fecha de publicación y/o designación secuencial 1999 Año 4, no. 40, sept.
653 0# - TERMINO DE INDIZACION - NO CONTROLADO
Término no controlado BIBLIOTECAS ESCOLARES
653 0# - TERMINO DE INDIZACION - NO CONTROLADO
Término no controlado ESTRATEGIAS DE LECTURA
653 0# - TERMINO DE INDIZACION - NO CONTROLADO
Término no controlado FORMACION DE LECTORES
653 0# - TERMINO DE INDIZACION - NO CONTROLADO
Término no controlado LECTURA RECREATIVA
904 ## - ELEMENTOS DE DATOS D LOCAL, LDD (RLIN)
a AC
b 006007
905 ## - TIPO DE MATERIAL
Tipo de material Articulo

No items available.